Fiscal Reaction Functions in the CFA Zone : An Analytical Perspective /

The stance of fiscal policy in CEMAC and WAEMU is strongly influenced by fiscal effort in the previous period. This persistence underscores the risks of a procyclical fiscal policy stance, given these countries' high degree of dependence on primary commodities and exposure to terms of trade sho...

Full beskrivning

Bibliografiska uppgifter
Huvudupphovsman: Williams, Oral
Övriga upphovsmän: Adedeji, Olumuyiwa
Materialtyp: Tidskrift
Språk:English
Publicerad: Washington, D.C. : International Monetary Fund, 2007.
Serie:IMF Working Papers; Working Paper ; No. 2007/232
Länkar:Full text available on IMF
LEADER 02036cas a2200253 a 4500
001 AALejournalIMF009608
008 230101c9999 xx r poo 0 0eng d
020 |c 5.00 USD 
020 |z 9781451867961 
022 |a 1018-5941 
040 |a BD-DhAAL  |c BD-DhAAL 
100 1 |a Williams, Oral. 
245 1 0 |a Fiscal Reaction Functions in the CFA Zone :   |b An Analytical Perspective /  |c Oral Williams, Olumuyiwa Adedeji. 
264 1 |a Washington, D.C. :  |b International Monetary Fund,  |c 2007. 
300 |a 1 online resource (19 pages) 
490 1 |a IMF Working Papers 
500 |a <strong>Off-Campus Access:</strong> No User ID or Password Required 
500 |a <strong>On-Campus Access:</strong> No User ID or Password Required 
506 |a Electronic access restricted to authorized BRAC University faculty, staff and students 
520 3 |a The stance of fiscal policy in CEMAC and WAEMU is strongly influenced by fiscal effort in the previous period. This persistence underscores the risks of a procyclical fiscal policy stance, given these countries' high degree of dependence on primary commodities and exposure to terms of trade shocks. This paper finds that the coefficient of the lagged debt stock was significant and positive, consistent with the theory that higher levels of debt warrant greater fiscal effort. Various measures of economic performance, as captured by economic growth and per capita GDP, openness, and the terms of trade were also found to be important factors in explaining fiscal performance. As fiscal performance seems to be strongly affected by both real GDP growth and terms of trade fluctuations, there appears to be a need to develop supplementary fiscal-related criteria that take into account the influence of output and the terms of trade. 
538 |a Mode of access: Internet 
700 1 |a Adedeji, Olumuyiwa. 
830 0 |a IMF Working Papers; Working Paper ;  |v No. 2007/232 
856 4 0 |z Full text available on IMF  |u http://elibrary.imf.org/view/journals/001/2007/232/001.2007.issue-232-en.xml  |z IMF e-Library